<?xml version="1.0" encoding="UTF-8"?>
<collection xmlns="http://www.loc.gov/MARC21/slim">
 <record>
  <leader>02727nam a2200385 a 4500</leader>
  <controlfield tag="001">TVCDKTCT5146</controlfield>
  <controlfield tag="003">Thư viện trường Cao đẳng Kỹ thuật Cao Thắng</controlfield>
  <controlfield tag="005">20170602154603.6</controlfield>
  <controlfield tag="008">060428</controlfield>
  <datafield tag="980" ind1="\" ind2="\">
   <subfield code="a">Thư viện Trường CĐ Kỹ Thuật Cao Thắng</subfield>
  </datafield>
  <datafield tag="024" ind1=" " ind2=" ">
   <subfield code="a">RG_1 #1 eb0 i1 i5</subfield>
  </datafield>
  <datafield tag="020" ind1="#" ind2="#">
   <subfield code="a">8935075903807</subfield>
  </datafield>
  <datafield tag="041" ind1="0" ind2="#">
   <subfield code="a">vie</subfield>
  </datafield>
  <datafield tag="082" ind1="#" ind2="#">
   <subfield code="a">621.56 / </subfield>
   <subfield code="b">GI108TR-t</subfield>
  </datafield>
  <datafield tag="100" ind1="1" ind2="#">
   <subfield code="a">Trần Văn Lịch</subfield>
  </datafield>
  <datafield tag="245" ind1="0" ind2="0">
   <subfield code="a">Giáo trình Lắp đặt và vận hành máy lạnh: Dùng trong các trường trung học chuyên nghiệp / </subfield>
   <subfield code="c">Trần Văn Lịch</subfield>
  </datafield>
  <datafield tag="250" ind1="#" ind2="#">
   <subfield code="a">In lần thứ 1</subfield>
  </datafield>
  <datafield tag="260" ind1="#" ind2="#">
   <subfield code="a">H. : </subfield>
   <subfield code="b">Hà Nội , </subfield>
   <subfield code="c">2005</subfield>
  </datafield>
  <datafield tag="300" ind1="#" ind2="#">
   <subfield code="a">226tr. ; </subfield>
   <subfield code="c">24cm</subfield>
  </datafield>
  <datafield tag="520" ind1="#" ind2="#">
   <subfield code="a">- Cách tính toán, lựa chọn, lắp đặt các thiết bị lạnh dân dụng.</subfield>
  </datafield>
  <datafield tag="520" ind1="#" ind2="#">
   <subfield code="a">- Cấu tạo và nguyên lý làm việc cuả các máy lạnh dân dụng và công nghiệp.</subfield>
  </datafield>
  <datafield tag="520" ind1="#" ind2="#">
   <subfield code="a">- Nguyên lý các mạch điện trong máy lạnh dân dụng.</subfield>
  </datafield>
  <datafield tag="520" ind1="#" ind2="#">
   <subfield code="a">- Phương pháp bảo dưỡng, sưả chưã các máy lạnh dân dụng và công nghiệp.</subfield>
  </datafield>
  <datafield tag="520" ind1="#" ind2="#">
   <subfield code="a">- Phương pháp vận hành, khai thác có hiệu quả các máy lạnh dân dụng và công nghiệp.</subfield>
  </datafield>
  <datafield tag="520" ind1="#" ind2="#">
   <subfield code="a">Giáo trình gồm hai phần chính :</subfield>
  </datafield>
  <datafield tag="520" ind1="#" ind2="#">
   <subfield code="a">Giáo trình nhằm trang bị cho học sinh những kiến thức về :</subfield>
  </datafield>
  <datafield tag="520" ind1="#" ind2="#">
   <subfield code="a">Phần 1: Lắp đặt và vận hành máy lạnh dân dụng</subfield>
  </datafield>
  <datafield tag="520" ind1="#" ind2="#">
   <subfield code="a">Phần 2: Lắp đặt và vận hành, bảo dưỡng máy lạnh công nghiệp</subfield>
  </datafield>
  <datafield tag="520" ind1="#" ind2="#">
   <subfield code="a">Về nội dung, giáo trình đã đề cập đến những tiến bộ khoa học kỹ thuật mới. Những vấn đề bức xúc trong thực tế...Do đó giáo trình không chỉ giúp cho học sinh khi ra trường mau chóng hoà nhập với môi trường sản xuất mà còn tài liệu tham khảo bổ ích cho những ai quan tâm đến ngành Máy lạnh và điều hoà không khí.</subfield>
  </datafield>
  <datafield tag="650" ind1="#" ind2="4">
   <subfield code="a">Máy lạnh</subfield>
  </datafield>
  <datafield tag="650" ind1="#" ind2="4">
   <subfield code="a">Máy lạnh--lắp đặt</subfield>
  </datafield>
  <datafield tag="650" ind1="#" ind2="4">
   <subfield code="a">Máy lạnh--Vận hành</subfield>
  </datafield>
  <datafield tag="721" ind1="#" ind2="#">
   <subfield code="a">CNKT Nhiệt lạnh</subfield>
  </datafield>
  <datafield tag="841" ind1="#" ind2="#">
   <subfield code="b">Kho Sách </subfield>
   <subfield code="j">100016463, 100016464, 100016465, 100016466, 100016467, 100016468, 100016802, 100016803, 100016804, 100019163, 100019164, 100019165, 100019166, 100019167, 100019168, 100019169, 100019170, 100019171, 100019172, 100019462, 100019467, 100019471</subfield>
  </datafield>
  <datafield tag="841" ind1="#" ind2="#">
   <subfield code="b">Kho Tra Cứu </subfield>
   <subfield code="j">500001335, 500001336, 500001579, 500001580, 500001581, 500001582, 500002090, 500002095</subfield>
  </datafield>
 </record>
</collection>
